Detalles MARC
| 000 -CABECERA |
| campo de control de longitud fija |
02863nam a22003977a 4500 |
| 001 - NÚMERO DE CONTROL |
| campo de control |
0205683013 |
| 003 - IDENTIFICADOR DEL NÚMERO DE CONTROL |
| campo de control |
DO-SdBPM |
| 005 - FECHA Y HORA DE LA ÚLTIMA TRANSACCIÓN |
| campo de control |
20251124101129.0 |
| 007 - CAMPO FIJO DE DESCRIPCIÓN FÍSICA--INFORMACIÓN GENERAL |
| campo de control de longitud fija |
ta |
| 008 - DATOS DE LONGITUD FIJA--INFORMACIÓN GENERAL |
| campo de control de longitud fija |
161206b2002 sp a 00| 0 spa d |
| 020 ## - NÚMERO INTERNACIONAL ESTÁNDAR DEL LIBRO |
| Número Internacional Estándar del Libro |
8449411432 (Obra completa) |
| 020 ## - NÚMERO INTERNACIONAL ESTÁNDAR DEL LIBRO |
| Número Internacional Estándar del Libro |
8449411467 (v.3) |
| 020 ## - NÚMERO INTERNACIONAL ESTÁNDAR DEL LIBRO |
| Número Internacional Estándar del Libro |
8449411459 (v. II) |
| 040 ## - FUENTE DE LA CATALOGACIÓN |
| Centro catalogador/agencia de origen |
DO-SdBPM |
| Lengua de catalogación |
spa |
| Centro/agencia transcriptor |
BPMSU |
| Normas de descripción |
rda |
| Centro/agencia modificador |
rda |
| 082 #4 - NÚMERO DE LA CLASIFICACIÓN DECIMAL DEWEY |
| Número de clasificación |
808.83 |
| Número de documento/Ítem |
C965 2002 |
| Número de edición |
22 |
| 245 00 - MENCIÓN DE TÍTULO |
| Título |
Cuentos / |
| Mención de responsabilidad, etc. |
textos Víctor M. Armenteros, Jaime Rovira; dirección, Carlos Gispert. |
| 260 ## - PUBLICACIÓN, DISTRIBUCIÓN, ETC. |
| Nombre del editor, distribuidor, etc. |
|
| Fecha de publicación, distribución, etc. |
|
| 264 ## - PRODUCCIÓN, PUBLICACIÓN, DISTRIBUCIÓN, FABRICACIÓN Y COPYRIGHT |
| Producción, publicación, distribución, fabricación y copyright |
Barcelona, España : |
| Nombre del de productor, editor, distribuidor, fabricante |
Océano Grupo Editorial, |
| Fecha de producción, publicación, distribución, fabricación o copyright |
2002 |
| 300 ## - DESCRIPCIÓN FÍSICA |
| Extensión |
3 volumenes : |
| Otras características físicas |
ilustraciones ; |
| Dimensiones |
27 cm. |
| 336 ## - TIPO DE CONTENIDO |
| Término de tipo de contenido |
texto |
| Código de tipo de contenido |
txt |
| Fuente |
rdacontent |
| 337 ## - TIPO DE MEDIO |
| Nombre/término del tipo de medio |
sin mediación |
| Código del tipo de medio |
n |
| Fuente |
rdamedia |
| 338 ## - TIPO DE SOPORTE |
| Nombre/término del tipo de soporte |
volumen |
| Código del tipo de soporte |
n |
| Fuente |
rdacarrier |
| 490 0# - MENCIÓN DE SERIE |
| Mención de serie |
Ver, oír y leer. |
| 505 0# - NOTA DE CONTENIDO CON FORMATO |
| Información miscelánea |
v. 1. Bíblia -- |
| Título |
v.1. Bíblia -- |
| 505 0# - NOTA DE CONTENIDO CON FORMATO |
| Información miscelánea |
v. 3. Cuentos -- |
| Título |
v.3. Cuentos -- |
| -- |
Caperucita roja -- |
| -- |
El patito feo -- |
| -- |
El gato con botas -- |
| -- |
Aladino y la Lámpara maravillosa -- |
| -- |
El príncipe feliz -- |
| -- |
La casita de chocolate -- |
| -- |
Blancanieves y los siete enanitos -- |
| -- |
Los viajes de Gulliver -- |
| -- |
Alicia en el país de las maravillas -- |
| -- |
La princesa piel de asno -- |
| -- |
Pulgarcito y sus hermanos -- |
| -- |
Las aventuras de Peter Pan -- |
| -- |
La cigarra y la hormiga -- |
| -- |
Cassette 2. La liebre y la tortuga -- |
| -- |
Los tres creditos y el lobo feroz -- |
| -- |
Historia de la bella durmiente -- |
| -- |
El maravilloso vestido del emperador -- |
| -- |
La cenicienta -- |
| -- |
Bambi y sus amigos del Bosque -- |
| -- |
Riquete, el del copete -- |
| -- |
Dumbo, el elefante que podía volar -- |
| -- |
El soldadito de plomo -- |
| -- |
Los tres osos -- |
| -- |
Alí Babá y los cuarenta ladrones -- |
| -- |
La gallina de los huevos de oro -- |
| -- |
La maravillosa historia de Pinocho -- |
| -- |
Androcles y el León. |
| 505 0# - NOTA DE CONTENIDO CON FORMATO |
| Información miscelánea |
v. 2. Fábulas. |
| Título |
v.2. Fábulas. |
| -- |
Cassette 1 |
| -- |
El burro flautista -- |
| -- |
El pastor y las ovejas -- |
| -- |
La Asamblea de los ratones -- |
| -- |
A margarita -- |
| -- |
El ciervo en la fuente -- |
| -- |
Los cangrejos -- |
| -- |
El cultivo del Maíz -- |
| -- |
El león con su ejército -- |
| -- |
Aunque la mona se vista de seda -- |
| -- |
Popol-vuh -- |
| -- |
El asno vestido con piel de León -- |
| -- |
La gata mujer -- |
| -- |
Los músicos de Bremen -- |
| -- |
Cassette 2. |
| -- |
La lechera -- |
| -- |
El león y el ratón -- |
| -- |
Los dos amigos y el oso -- |
| -- |
Boca ancha -- |
| -- |
El flautista de Hamelin -- |
| -- |
La yerba mate -- |
| -- |
El ratón de campo y el de ciudad -- |
| -- |
El labrador y la providencia -- |
| -- |
El coyote y el zorrillo -- |
| -- |
La sirenita -- |
| -- |
El perro mirándose en el agua -- |
| -- |
El viento zonda -- |
| -- |
La mariposa y el caracol -- |
| -- |
El asno y el cochinillo. |
| 590 ## - NOTA LOCAL (RLIN) |
| Nota local |
Inventariado, 2025/VM |
| 650 #7 - PUNTO DE ACCESO ADICIONAL DE MATERIA--TÉRMINO DE MATERIA |
| Término de materia o nombre geográfico como elemento de entrada |
Cuentos |
| Subdivisión de forma |
Colecciones |
| 650 #7 - PUNTO DE ACCESO ADICIONAL DE MATERIA--TÉRMINO DE MATERIA |
| Término de materia o nombre geográfico como elemento de entrada |
Libros ilustrados para niños |
| 700 1# - PUNTO DE ACCESO ADICIONAL--NOMBRE DE PERSONA |
| Nombre de persona |
Gispert, Carlos, |
| Término indicativo de función/relación |
dirrector |
| 700 1# - PUNTO DE ACCESO ADICIONAL--NOMBRE DE PERSONA |
| Nombre de persona |
Armenteros, Víctor M. |
| Término indicativo de función/relación |
texto |
| 700 1# - PUNTO DE ACCESO ADICIONAL--NOMBRE DE PERSONA |
| Nombre de persona |
Rovira, Jaime |
| Término indicativo de función/relación |
textos |
| 910 ## - DATOS DE OPCIÓN DEL USUARIO (OCLC) |
| Datos de opción del usuario |
LPEREZ / VMateo V. Control de calidad. BPMSU |
| 942 ## - ELEMENTOS DE PUNTO DE ACCESO ADICIONAL (KOHA) |
| Fuente del sistema de clasificación o colocación |
Dewey Decimal Classification |
| Tipo de ítem Koha |
Libros |
| 956 ## - LOCALIZACIÓN Y ACCESO ELECTRÓNICOS LOCAL (OCLC) |
| Nombre del host |
LOPEREZ |
| Número de acceso |
10 |
| Información sobre la compresión |
20161206 |
| Procesador de la petición |
BPMSU |